[Event "AUT-ch U14 Online Rapid"]
[Site "Playchess.com INT"]
[Date "2020.12.13"]
[Round "5"]
[White "Sohn, Benedikt"]
[Black "Leitner, Thomas"]
[Result "1-0"]
[WhiteElo "1634"]
[BlackElo "1764"]
[PlyCount "125"]
[EventDate "2020.12.13"]
[EventType "swiss (rapid)"]
[EventRounds "7"]
[EventCountry "AUT"]
[SourceTitle "EXT 2022"]
[Source "ChessBase"]
[SourceDate "2021.10.06"]
[SourceVersion "1"]
[SourceVersionDate "2021.10.06"]
[SourceQuality "1"]

1. d4 Nf6 2. c4 g6 3. Nc3 d5 4. cxd5 Nxd5 5. e4 Nxc3 6. bxc3 Bg7 7. Bc4 c5 8. Be3 0-0 9. Ne2 Qa5 10. Qd2 Nc6 11. 0-0 cxd4 12. Nxd4 Nxd4 13. Bxd4 Rd8 14. Qe3 b5 15. Bd5 Rb8 16. Bxa7 Ba6 17. Bxb8 Rxb8 18. Rfc1 e6 19. Bb3 Rd8 20. h3 b4 21. cxb4 Qxb4 22. Rab1 Bd4 23. Qg5 Qd6 24. Rd1 f6 25. Qa5 Be2 26. Rd2 Bd3 27. Bxe6+ Kg7 28. Rbd1 Bb6 29. Qd5 Qxd5 30. Bxd5 Ba6 31. Rb1 Ba5 32. Rdb2 Bc3 33. Rb6 Be2 34. Rc1 Bd4 35. Rc7+ Kh6 36. Rbb7 Ba6 37. Rxh7+ Kg5 38. h4+ Kf4 39. g3+ Kf3 40. Rb3+ Ke2 41. Kg2 f5 42. exf5 Rxd5 43. fxg6 Rf5 44. Re7+ Kd2 45. g7 Rxf2+ 46. Kh1 Rf1+ 47. Kg2 Rf2+ 48. Kh3 Bf1+ 49. Kg4 Bxg7 50. Rxg7 Be2+ 51. Kg5 Kc2 52. Rc7+ Kd1 53. h5 Rg2 54. h6 Rh2 55. Kg6 Bf3 56. Kg7 Be4 57. Re7 Bc2 58. Rc3 Rg2 59. Rxc2 Rxg3+ 60. Kf8 Kxc2 61. h7 Rh3 62. Kg8 Rg3+ 63. Rg7 1-0

[Event "Budapest FS08 Nadassy"]
[Site "Budapest"]
[Date "2020.08.10"]
[Round "9.4"]
[White "Koczo, Kristof"]
[Black "Leitner, Thomas"]
[Result "0-1"]
[WhiteElo "2077"]
[BlackElo "1622"]
[PlyCount "98"]
[EventDate "2020.08.01"]
[EventType "team-schev"]
[EventRounds "14"]
[EventCountry "HUN"]
[SourceTitle "EXT 2021"]
[Source "ChessBase"]
[SourceDate "2020.10.23"]
[SourceVersion "1"]
[SourceVersionDate "2020.10.23"]
[SourceQuality "1"]
[WhiteTeam "Team 1"]
[BlackTeam "Team 2"]
[WhiteTeamCountry "HUN"]
[BlackTeamCountry "HUN"]

1. d4 Nf6 2. c4 g6 3. Nc3 d5 4. cxd5 Nxd5 5. e4 Nxc3 6. bxc3 Bg7 7. Be3 c5 8. Rc1 Qa5 9. Qd2 cxd4 10. cxd4 Qxd2+ 11. Bxd2 0-0 12. d5 Nd7 13. f4 b6 14. Nf3 Nc5 15. Rc4 Rd8 16. Ne5 Ba6 17. Rd4 Bxf1 18. Rxf1 Nd7 19. Rc4 Nxe5 20. fxe5 Bxe5 21. Kf2 Rac8 22. Rxc8 Rxc8 23. Rc1 Rxc1 24. Bxc1 Kg7 25. h3 Bd4+ 26. Kf3 Kf6 27. g4 e6 28. Bf4 e5 29. Bd2 Ke7 30. Ke2 Kd6 31. Kd3 b5 32. Bh6 Ke7 33. Bd2 f6 34. Bb4+ Kd7 35. Kc2 Bb6 36. Kb3 a5 37. Bd2 Kd6 38. Bh6 Ke7 39. Bd2 f5 40. gxf5 gxf5 41. Bg5+ Kd6 42. exf5 Kxd5 43. a4 b4 44. Be7 e4 45. f6 Ke6 46. Kc4 e3 47. Kd3 Kf7 48. Kc2 b3+ 49. Kc3 e2 0-1

[Event "Budapest FS08 Nadassy"]
[Site "Budapest"]
[Date "2020.08.08"]
[Round "7.6"]
[White "Kis, Bela"]
[Black "Leitner, Thomas"]
[Result "1/2-1/2"]
[WhiteElo "1949"]
[BlackElo "1622"]
[PlyCount "78"]
[EventDate "2020.08.01"]
[EventType "team-schev"]
[EventRounds "14"]
[EventCountry "HUN"]
[SourceTitle "EXT 2021"]
[Source "ChessBase"]
[SourceDate "2020.10.23"]
[SourceVersion "1"]
[SourceVersionDate "2020.10.23"]
[SourceQuality "1"]
[WhiteTeam "Team 1"]
[BlackTeam "Team 2"]
[WhiteTeamCountry "HUN"]
[BlackTeamCountry "HUN"]

1. e4 c5 2. Nf3 e6 3. Nc3 Nc6 4. Bb5 d6 5. Bxc6+ bxc6 6. d3 d5 7. e5 Ne7 8. Bg5 Qc7 9. Bxe7 Bxe7 10. 0-0 0-0 11. Na4 Ba6 12. Re1 Rab8 13. b3 Rfe8 14. c3 Bb5 15. Nb2 Red8 16. d4 cxd4 17. cxd4 Qa5 18. Nd3 Bxd3 19. Qxd3 Rdc8 20. a3 c5 21. dxc5 Qxc5 22. b4 Qc4 23. Qe3 Qa6 24. Rec1 Rc4 25. Rxc4 dxc4 26. Rc1 Rc8 27. Nd4 h6 28. g3 Bg5 29. f4 Bd8 30. Kg2 Bb6 31. b5 Bxd4 32. Qxd4 Qxb5 33. Kh3 Qc5 34. Qd7 c3 35. f5 Qc7 36. fxe6 fxe6 37. Qxe6+ Kh7 38. Qd6 Kg8 39. Qd5+ Kh8 1/2-1/2

[Event "Budapest FS08 Nadassy"]
[Site "Budapest"]
[Date "2020.08.03"]
[Round "3.3"]
[White "Farago, Sandor"]
[Black "Leitner, Thomas"]
[Result "1-0"]
[WhiteElo "2219"]
[BlackElo "1622"]
[PlyCount "69"]
[EventDate "2020.08.01"]
[EventType "team-schev"]
[EventRounds "14"]
[EventCountry "HUN"]
[SourceTitle "EXT 2021"]
[Source "ChessBase"]
[SourceDate "2020.10.23"]
[SourceVersion "1"]
[SourceVersionDate "2020.10.23"]
[SourceQuality "1"]
[WhiteTeam "Team 1"]
[BlackTeam "Team 2"]
[WhiteTeamCountry "HUN"]
[BlackTeamCountry "HUN"]

1. e4 c5 2. Nf3 e6 3. d4 cxd4 4. Nxd4 Nc6 5. Nc3 Nf6 6. Ndb5 d6 7. Bf4 e5 8. Bg5 a6 9. Na3 b5 10. Nd5 Be7 11. Nxe7 Qxe7 12. c4 b4 13. Nc2 0-0 14. Qd3 Qe6 15. Be2 Bb7 16. f3 Rac8 17. Rd1 Rfd8 18. b3 h6 19. Bh4 Rd7 20. g4 a5 21. Bf2 Qe7 22. h4 Ne8 23. Bb6 Nc7 24. Ne3 Ne6 25. Nd5 Qf8 26. Be3 Rcd8 27. g5 hxg5 28. hxg5 Ncd4 29. Bxd4 Nxd4 30. f4 f6 31. g6 Qe8 32. Rh8+ Kxh8 33. Qh3+ Kg8 34. Qh7+ Kf8 35. Qh8# 1-0

[Event "Budapest FS08 Nadassy"]
[Site "Budapest"]
[Date "2020.08.02"]
[Round "2.4"]
[White "Leitner, Thomas"]
[Black "Koczo, Kristof"]
[Result "0-1"]
[WhiteElo "1622"]
[BlackElo "2077"]
[PlyCount "60"]
[EventDate "2020.08.01"]
[EventType "team-schev"]
[EventRounds "14"]
[EventCountry "HUN"]
[SourceTitle "EXT 2021"]
[Source "ChessBase"]
[SourceDate "2020.10.23"]
[SourceVersion "1"]
[SourceVersionDate "2020.10.23"]
[SourceQuality "1"]
[WhiteTeam "Team 2"]
[BlackTeam "Team 1"]
[WhiteTeamCountry "HUN"]
[BlackTeamCountry "HUN"]

1. d4 d5 2. c4 c6 3. Nf3 Nf6 4. Nc3 dxc4 5. a4 Bf5 6. e3 e6 7. Bxc4 Bb4 8. 0-0 0-0 9. Nd2 Nbd7 10. Re1 e5 11. Nb3 Bg6 12. Bd2 Bd6 13. d5 Nb6 14. Bf1 Nbxd5 15. Nxd5 cxd5 16. Bc3 Rc8 17. g3 Bh5 18. Qd3 Bf3 19. Bg2 Bxg2 20. Kxg2 h5 21. Rad1 h4 22. f4 Re8 23. Rf1 Qd7 24. f5 Qxa4 25. Nd2 Qg4 26. e4 h3+ 27. Kh1 dxe4 28. Qxd6 Qe2 29. Rg1 Ng4 30. Nf3 Nf2# 0-1

[Event "Budapest FS08 Nadassy"]
[Site "Budapest"]
[Date "2020.08.01"]
[Round "1.5"]
[White "Szalanczy, Emil"]
[Black "Leitner, Thomas"]
[Result "1-0"]
[WhiteElo "2120"]
[BlackElo "1622"]
[PlyCount "151"]
[EventDate "2020.08.01"]
[EventType "team-schev"]
[EventRounds "14"]
[EventCountry "HUN"]
[SourceTitle "EXT 2021"]
[Source "ChessBase"]
[SourceDate "2020.10.23"]
[SourceVersion "1"]
[SourceVersionDate "2020.10.23"]
[SourceQuality "1"]
[WhiteTeam "Team 1"]
[BlackTeam "Team 2"]
[WhiteTeamCountry "HUN"]
[BlackTeamCountry "HUN"]

1. e4 c5 2. Nf3 e6 3. d4 cxd4 4. Nxd4 Nf6 5. Nc3 Nc6 6. Ndb5 Bc5 7. Bf4 e5 8. Bg3 0-0 9. Nd6 a6 10. Be2 Qc7 11. Nxc8 Raxc8 12. 0-0 Nd4 13. Bd3 d6 14. Bh4 Kh8 15. Bxf6 gxf6 16. Nd5 Qd8 17. c3 Ne6 18. Qf3 Kg7 19. Rad1 Nc7 20. Qg4+ Kh8 21. Qh5 Rg8 22. Qxf7 Nxd5 23. exd5 Rc7 24. Qe6 Rcg7 25. Be4 Rg5 26. g3 Qf8 27. Rd3 f5 28. Rf3 f4 29. Kh1 Qg7 30. b4 Ba7 31. Qxd6 Rh5 32. Qe6 Rh6 33. Bf5 Rxe6 34. Bxe6 Rf8 35. Rg1 fxg3 36. Rfxg3 Qxg3 37. Rxg3 Bxf2 38. Rg4 Be1 39. d6 h5 40. Rc4 Bf2 41. Rc8 Rxc8 42. Bxc8 b6 43. Bxa6 Kg7 44. Kg2 Bh4 45. c4 Kf7 46. c5 bxc5 47. Bc4+ Ke8 48. bxc5 Kd7 49. Bb5+ Ke6 50. d7 Bd8 51. Bc6 Ba5 52. Kf3 Ke7 53. Bb5 Bc7 54. Ke4 Ke6 55. h3 Bd8 56. Bc6 Bc7 57. Kd3 h4 58. Kc4 e4 59. Kd4 e3 60. Kxe3 Ke5 61. Kd3 Bd8 62. Kc4 Bc7 63. Bf3 Ke6 64. Bg4+ Ke7 65. Kd5 Ba5 66. Kc6 Kd8 67. Kb5 Bd2 68. a4 Kc7 69. a5 Bg5 70. a6 Bd8 71. Kc4 Kb8 72. Bf3 Bc7 73. Bb7 Bd8 74. Kd5 Ba5 75. Ke6 Ka7 76. Ke7 1-0

[Event "EU Union-ch U14 17th"]
[Site "Mureck"]
[Date "2019.08.07"]
[Round "8"]
[White "Leitner, Thomas"]
[Black "Nazarov, Vladislav"]
[Result "0-1"]
[WhiteElo "1552"]
[BlackElo "1494"]
[PlyCount "50"]
[EventDate "2019.07.31"]
[EventType "swiss"]
[EventRounds "9"]
[EventCountry "AUT"]
[SourceTitle "EXT 2020"]
[Source "ChessBase"]
[SourceDate "2019.10.17"]
[SourceVersion "1"]
[SourceVersionDate "2019.10.17"]
[SourceQuality "1"]

1. d4 Nf6 2. c4 g6 3. Nc3 d5 4. cxd5 Nxd5 5. e4 Nxc3 6. bxc3 Bg7 7. Nf3 0-0 8. h3 c5 9. Be2 Nc6 10. Be3 Qa5 11. Bd2 Qd8 12. d5 Ne5 13. 0-0 Nxf3+ 14. Bxf3 Qd6 15. Rc1 h6 16. g4 f5 17. exf5 gxf5 18. Bg2 fxg4 19. hxg4 Qg6 20. Bf3 Be5 21. Kh1 Qf6 22. Kg2 Qg6 23. Rh1 Rxf3 24. Qxf3 Bxg4 25. Qe3 Be2+ 0-1

[Event "EU Union-ch U14 17th"]
[Site "Mureck"]
[Date "2019.08.02"]
[Round "3"]
[White "Raats, Joppe"]
[Black "Leitner, Thomas"]
[Result "1-0"]
[WhiteElo "1806"]
[BlackElo "1552"]
[PlyCount "61"]
[EventDate "2019.07.31"]
[EventType "swiss"]
[EventRounds "9"]
[EventCountry "AUT"]
[SourceTitle "EXT 2020"]
[Source "ChessBase"]
[SourceDate "2019.10.17"]
[SourceVersion "1"]
[SourceVersionDate "2019.10.17"]
[SourceQuality "1"]

1. e4 c5 2. Nc3 Nc6 3. f4 e6 4. Nf3 d5 5. Bb5 Be7 6. Bxc6+ bxc6 7. 0-0 Nf6 8. e5 Nd7 9. d3 0-0 10. Qe1 Qb6 11. Kh1 Bb7 12. Qg3 c4 13. dxc4 Ba6 14. b3 Bb4 15. Na4 Qa5 16. Nd4 Rac8 17. f5 dxc4 18. f6 g6 19. c3 cxb3 20. cxb4 Qxa4 21. Qg5 Kh8 22. Qh6 Rg8 23. Nf3 Rc7 24. Ng5 Nf8 25. Rd1 Qxb4 26. axb3 Qxb3 27. Ba3 c5 28. Bxc5 Bb7 29. Rg1 Qb2 30. Rae1 Qd2 31. Nxf7+ 1-0

[Event "AUT-ch U14"]
[Site "St Veit"]
[Date "2019.06.08"]
[Round "1.7"]
[White "Leitner, Thomas"]
[Black "Hofstadler, Mario"]
[Result "1/2-1/2"]
[WhiteElo "1515"]
[BlackElo "1714"]
[PlyCount "88"]
[EventDate "2019.06.08"]
[EventType "swiss"]
[EventRounds "7"]
[EventCountry "AUT"]
[SourceTitle "EXT 2024"]
[Source "ChessBase"]
[SourceDate "2023.10.10"]
[SourceVersion "1"]
[SourceVersionDate "2023.10.10"]
[SourceQuality "1"]

1. d4 d5 2. c4 c6 3. Nf3 Nf6 4. Nc3 dxc4 5. a4 Bf5 6. e3 e6 7. Bxc4 Bb4 8. Qb3 Qe7 9. 0-0 0-0 10. Ne2 Nbd7 11. Ng3 Bg6 12. Bd2 Bxd2 13. Nxd2 Rab8 14. Be2 e5 15. Rfe1 Kh8 16. Bd3 Bxd3 17. Qxd3 Rfd8 18. Nb3 Re8 19. e4 Rbd8 20. Qc3 exd4 21. Nxd4 Qc5 22. Rac1 Qxc3 23. Rxc3 Ne5 24. Nf3 Nxf3+ 25. gxf3 Rd2 26. Re2 Rd1+ 27. Kg2 g6 28. Rb3 Re7 29. Ree3 Red7 30. Ne2 Nh5 31. e5 Ng7 32. Nf4 Ne6 33. Nxe6 fxe6 34. Re4 R1d5 35. Rbe3 Kg7 36. Rf4 Rf7 37. Rxf7+ Kxf7 38. Rb3 b6 39. f4 g5 40. Rf3 Kg6 41. Rg3 Kf5 42. Rxg5+ Kxf4 43. Rg7 Rxe5 44. Rxa7 Re2 1/2-1/2

[Event "EU Union-ch U12 16th"]
[Site "Mureck"]
[Date "2018.08.08"]
[Round "8"]
[White "Leitner, Thomas"]
[Black "Vasilijevic, Vili"]
[Result "0-1"]
[WhiteElo "1584"]
[BlackElo "1583"]
[PlyCount "100"]
[EventDate "2018.08.01"]
[EventType "swiss"]
[EventRounds "9"]
[EventCountry "AUT"]
[SourceTitle "CBM 186 Extra"]
[Source "ChessBase"]
[SourceDate "2018.08.24"]
[SourceVersion "1"]
[SourceVersionDate "2018.08.24"]
[SourceQuality "1"]

1. d4 Nf6 2. c4 e6 3. Nc3 d5 4. Bg5 c6 5. e3 Nbd7 6. Nf3 Be7 7. Be2 dxc4 8. Bxc4 b5 9. Be2 Bb7 10. 0-0 0-0 11. Rc1 Rc8 12. h3 h6 13. Bh4 Nb6 14. Ne5 Nfd7 15. Bxe7 Qxe7 16. Nxd7 Nxd7 17. Bf3 a6 18. Ne2 Rfd8 19. Qb3 e5 20. dxe5 Nxe5 21. Nd4 c5 22. Bxb7 Qxb7 23. Ne2 Nd3 24. Rc3 c4 25. Qc2 Qd5 26. b3 Nb4 27. Nf4 Qe5 28. Qb2 Nxa2 29. Rc2 Qxb2 30. Rxb2 cxb3 31. Rxb3 Rc3 32. Rfb1 Rxb3 33. Rxb3 Rd1+ 34. Kh2 Rc1 35. Nd3 Rc3 36. Rxc3 Nxc3 37. Kg3 a5 38. Kf4 f6 39. e4 a4 40. Ke3 a3 41. Nb4 a2 42. Nxa2 Nxa2 43. Kd3 b4 44. Kc4 Nc1 45. f3 b3 46. Kc3 Ne2+ 47. Kxb3 Nf4 48. Kc3 Nxg2 49. Kd2 Nf4 50. h4 Ng6 0-1

[Event "EU Union-ch U12 16th"]
[Site "Mureck"]
[Date "2018.08.02"]
[Round "2"]
[White "Leitner, Thomas"]
[Black "Bodnar, Roland Gabor"]
[Result "0-1"]
[WhiteElo "1584"]
[BlackElo "1693"]
[PlyCount "60"]
[EventDate "2018.08.01"]
[EventType "swiss"]
[EventRounds "9"]
[EventCountry "AUT"]
[SourceTitle "CBM 186 Extra"]
[Source "ChessBase"]
[SourceDate "2018.08.24"]
[SourceVersion "1"]
[SourceVersionDate "2018.08.24"]
[SourceQuality "1"]

1. d4 d5 2. c4 c6 3. Nf3 Nf6 4. Nc3 dxc4 5. a4 Bf5 6. Bg5 Nbd7 7. e3 h6 8. Bh4 e6 9. Bxc4 Be7 10. 0-0 Rc8 11. h3 0-0 12. Re1 c5 13. dxc5 Nxc5 14. Be2 Qb6 15. Bb5 a6 16. a5 Qc7 17. Bg3 Qd8 18. Be2 Nfe4 19. Nxe4 Nxe4 20. Qxd8 Rfxd8 21. Red1 Nxg3 22. fxg3 Rc2 23. Rxd8+ Bxd8 24. Nd4 Rxb2 25. Bf3 Bg6 26. Kf1 e5 27. Ne2 Bd3 28. Ra3 e4 29. Ke1 Be7 30. Bg4 Bxa3 0-1

[Event "Styrian op U08/10 22nd"]
[Site "Mureck"]
[Date "2015.08.12"]
[Round "8"]
[White "Pernerstorfer, Moritz"]
[Black "Leitner, Thomas"]
[Result "1-0"]
[WhiteElo "1117"]
[BlackElo "1011"]
[PlyCount "67"]
[EventDate "2015.08.05"]
[EventType "swiss"]
[EventRounds "9"]
[EventCountry "AUT"]
[SourceTitle "EXT 2017"]
[Source "ChessBase"]
[SourceDate "2016.10.25"]
[SourceVersion "1"]
[SourceVersionDate "2016.10.25"]
[SourceQuality "1"]

1. e4 e5 2. Nf3 Nc6 3. Bc4 Bc5 4. d3 d6 5. h3 Nf6 6. Bg5 h6 7. Bh4 g5 8. Bg3 Be6 9. Bxe6 fxe6 10. Nc3 Nh5 11. Qd2 Nxg3 12. fxg3 Bb4 13. a3 Ba5 14. 0-0-0 Qd7 15. Rhf1 0-0-0 16. h4 gxh4 17. gxh4 Rhf8 18. Qxh6 Bxc3 19. bxc3 Rg8 20. Rg1 Rdf8 21. Ng5 Nd8 22. Nf3 Qg7 23. Qxg7 Rxg7 24. Ng5 Rh8 25. Rh1 Nf7 26. Nxf7 Rxf7 27. g4 Rf4 28. Rdg1 Rg8 29. g5 Rf7 30. g6 Rfg7 31. h5 Kd7 32. h6 Rxg6 33. Rxg6 Rxg6 34. h7 1-0

[Event "Styrian op U08/10 22nd"]
[Site "Mureck"]
[Date "2015.08.07"]
[Round "3"]
[White "Klopf, Michael"]
[Black "Leitner, Thomas"]
[Result "0-1"]
[WhiteElo "878"]
[BlackElo "1011"]
[PlyCount "68"]
[EventDate "2015.08.05"]
[EventType "swiss"]
[EventRounds "9"]
[EventCountry "AUT"]
[SourceTitle "EXT 2017"]
[Source "ChessBase"]
[SourceDate "2016.10.25"]
[SourceVersion "1"]
[SourceVersionDate "2016.10.25"]
[SourceQuality "1"]

1. e4 e5 2. Nf3 Nc6 3. Bc4 Bc5 4. d3 d6 5. Nc3 Nf6 6. Bg5 h6 7. Bxf6 Qxf6 8. h3 Qg6 9. Nh4 Qf6 10. Nd5 Qd8 11. Nf3 Be6 12. 0-0 Na5 13. b4 Nxc4 14. bxc5 Na5 15. Rb1 dxc5 16. c4 c6 17. Nc3 0-0 18. Qe2 Qf6 19. Qe3 Qg6 20. Qxc5 Bxh3 21. Nh4 Qg4 22. g3 Bxf1 23. Kxf1 b6 24. Qxe5 Qe6 25. Qxe6 fxe6 26. Ng6 Rf6 27. Nh4 Rd8 28. Rd1 Rdf8 29. Rd2 Rd8 30. e5 Rf7 31. Ne2 Nxc4 32. Ke1 Nxd2 33. Kxd2 Rxf2 34. Ke3 Rff8 0-1